Decision management : (Record no. 1784)

MARC details
000 -LEADER
fixed length control field 00656nam a2200193 ar4500
001 - CONTROL NUMBER
control field 1786
005 - DATE AND TIME OF LATEST TRANSACTION
control field 20221127090304.0
008 - FIXED-LENGTH DATA ELEMENTS--GENERAL INFORMATION
fixed length control field 100221s xxua 00110 eng d
020 ## - INTERNATIONAL STANDARD BOOK NUMBER
International Standard Book Number 0787956260(hpb) :
Terms of availability SR86.00
082 04 - DEWEY DECIMAL CLASSIFICATION NUMBER
Classification number 658.403
Item number Y27 2003
100 1# - MAIN ENTRY--PERSONAL NAME
Personal name Yates, J. Frank.
245 10 - TITLE STATEMENT
Title Decision management :
Remainder of title how to assure better decisions in your company /
Statement of responsibility, etc. J. Yates.
260 ## - PUBLICATION, DISTRIBUTION, ETC.
Place of publication, distribution, etc. San Francisco, CA :
Name of publisher, distributor, etc. Jossey-Bass,
Date of publication, distribution, etc. 2003.
300 ## - PHYSICAL DESCRIPTION
Extent xx, 230 p. :
Other physical details ill. ;
Dimensions 23 cm.
440 #0 - SERIES STATEMENT/ADDED ENTRY--TITLE
Title University of Michigan Business School management series.
504 ## - BIBLIOGRAPHY, ETC. NOTE
Bibliography, etc. note Includes bibl. references and index.
650 #4 - SUBJECT ADDED ENTRY--TOPICAL TERM
Topical term or geographic name entry element Decision making.
650 #4 - SUBJECT ADDED ENTRY--TOPICAL TERM
Topical term or geographic name entry element Problem solving.
Holdings
Withdrawn status Lost status Source of classification or shelving scheme Damaged status Not for loan Home library Current library Date acquired Total Checkouts Full call number Barcode Date last seen Copy number Price effective from Koha item type
          CENTRAL CENTRAL 11/27/2022   658.403 Y27 2003 1000000005872 11/27/2022 C1 11/27/2022 Book
          CENTRAL CENTRAL 11/27/2022   658.403 Y27 2003 1000000005758 11/27/2022 C2 11/27/2022 Book